[Event "TCh-CZE Extraliga 2011-12"]
[Site "Czech Republic CZE"]
[Date "2012.04.22"]
[Round "11.7"]
[White "Macicek,Jak"]
[Black "Haba,P"]
[Result "0-1"]
[WhiteElo "2159"]
[BlackElo "2502"]

1.e4 c5 2.Nf3 e6 3.d4 cxd4 4.Nxd4 Nc6 5.Nc3 Qc7 6.Be2 a6 7.O-O Nf6 8.Kh1 Nxd4
9.Qxd4 Bc5 10.Qd3 b5 11.f4 h5 12.Bf3 Bb7 13.e5 Ng4 14.Bxb7 Qxb7 15.Ne4 Rc8
16.Bd2 Be7 17.Bc3 Nh6 18.a3 Nf5 19.Rae1 h4 20.Rf3 Qc6 21.h3 O-O 22.Qe2 a5
23.Qd2 b4 24.axb4 axb4 25.Bxb4 Bxb4 26.Qxb4 Qxc2 27.Rc3 Rxc3 28.Qxc3 Qxc3
29.bxc3 Ra8 30.Re2 Ra1+ 31.Kh2 Rf1 32.Rf2 Re1 33.g4 Rxe4 34.gxf5 exf5 35.Kg2 Kf8
36.Rf3 Ke7 37.Kg1 f6 38.exf6+ Kxf6 39.Kg2 Ke6 40.Kg1 d5 41.Kf2 Kd6  0-1

[Event "Frauenbundesliga 2011-12"]
[Site "Germany GER"]
[Date "2012.04.22"]
[Round "11.3"]
[White "Zakurdjaeva,I"]
[Black "Hoolt,S"]
[Result "1/2-1/2"]
[WhiteElo "2263"]
[BlackElo "2286"]

1.e4 c5 2.Nf3 e6 3.d4 cxd4 4.Nxd4 Nc6 5.Nc3 Qc7 6.Be2 Nf6 7.Be3 a6 8.O-O Be7
9.f4 d6 10.Qe1 O-O 11.Qg3 Nxd4 12.Bxd4 b5 13.a3 Bb7 14.Rad1 Rae8 15.Kh1 Bc6
16.Rde1 Qb7 17.Bd3 Nh5 18.Qg4 g6 19.e5 Rd8 20.Be3 a5 21.f5 exf5 22.Bxf5 b4
23.axb4 axb4 24.exd6 Nf6 25.Qg5 Rxd6 26.Bc5 Ne4 27.Qxe7 Qxe7 28.Nxe4 Bxe4
29.Bxe4 Qe5 30.Bxb4 Re8 31.Bxd6 Qxd6 32.Bd3 Rxe1 33.Rxe1 Qb4 34.Rb1 h5 35.b3 Kg7
36.Rf1 f5 37.g3 h4 38.Rf4 Qb7+ 39.Kg1 Qb6+ 40.Kg2 Qc6+ 41.Kg1 Qb6+ 42.Kg2 Qb7+
43.Kg1 Qa7+ 44.Kg2 Qa8+ 45.Kg1 Qa1+ 46.Kg2  1/2-1/2

[Event "TCh-NED Meesterklasse 2011-12"]
[Site "Netherlands NED"]
[Date "2012.04.22"]
[Round "9.4"]
[White "Nabuurs,M"]
[Black "Michielsen,J"]
[Result "1/2-1/2"]
[WhiteElo "2189"]
[BlackElo "2317"]

1.e4 c5 2.Nf3 e6 3.Nc3 Nc6 4.d4 cxd4 5.Nxd4 Qc7 6.Be3 a6 7.Bd3 Nf6 8.O-O Nxd4
9.Bxd4 Bc5 10.Bxc5 Qxc5 11.Kh1 d6 12.f4 e5 13.Nd5 Nxd5 14.exd5 Qxd5  1/2-1/2

[Event "TCh-NED Meesterklasse 2011-12"]
[Site "Netherlands NED"]
[Date "2012.04.22"]
[Round "9.1"]
[White "Swinkels,R"]
[Black "Haast,A"]
[Result "1-0"]
[WhiteElo "2494"]
[BlackElo "2264"]

1.e4 c5 2.Nf3 e6 3.d4 cxd4 4.Nxd4 Nc6 5.Nc3 Qc7 6.Be3 a6 7.Qd2 Nf6 8.O-O-O Be7
9.f3 h5 10.Qf2 d6 11.h3 b5 12.Nxc6 Qxc6 13.Bd3 Bb7 14.g4 Nd7 15.Kb1 Rc8 16.Ne2 Nc5
17.Nf4 h4 18.Rhe1 O-O 19.g5 g6 20.Qxh4 Nxd3 21.cxd3 e5 22.Qh6 d5 23.exd5 Qc2+
24.Ka1 Ba3 25.Rb1 Rfe8 26.Nh5 gxh5 27.g6 Bxd5 28.Qh7+ Kf8 29.Bg5 fxg6 30.Bh6+  1-0

[Event "TCh-NED Meesterklasse 2011-12"]
[Site "Netherlands NED"]
[Date "2012.04.22"]
[Round "9.6"]
[White "Pijpers,A"]
[Black "Kabatianski,A"]
[Result "0-1"]
[WhiteElo "2313"]
[BlackElo "2410"]

1.e4 c5 2.Nf3 e6 3.d4 cxd4 4.Nxd4 Nc6 5.Nc3 a6 6.Be3 Nf6 7.f4 Bb4 8.Bd3 O-O
9.Qf3 d6 10.O-O Nd7 11.Nxc6 bxc6 12.e5 d5 13.Qh3 g6 14.Rf3 Re8 15.Raf1 Bf8
16.Bf2 c5 17.Nd1 Bb7 18.Bh4 Qb6 19.Kh1 c4 20.Be2 d4 21.Rg3 Rac8 22.Bg5 Be4
23.Nf2 Bf5 24.Bg4 Qxb2 25.Bxf5 exf5 26.Ne4 fxe4 27.Qxd7 d3 28.f5 Qb5 29.e6 fxe6
30.fxe6 Bg7 31.Bf6 Qxd7 32.exd7 Bxf6 33.Rxf6 Red8 34.dxc8=Q Rxc8 35.Rf1 Rb8
36.Rg4 e3 37.Rd4 d2 38.Re4 Rb2 39.Rxe3 Rxc2 40.Re8+ Kg7 41.Re7+ Kh6 42.Ree1  0-1

[Event "3rd LUC Open"]
[Site "Lille FRA"]
[Date "2012.04.25"]
[Round "3.11"]
[White "Bourgeois,F"]
[Black "Dubessay,B"]
[Result "1/2-1/2"]
[WhiteElo "1910"]
[BlackElo "2372"]

1.e4 c5 2.Nf3 e6 3.d4 cxd4 4.Nxd4 Nc6 5.Nc3 a6 6.Be3 Nf6 7.a3 Qc7 8.f3 Be7
9.Qd2 O-O 10.Bd3 d6 11.O-O Ne5 12.Nce2 Bd7 13.c4 Rac8 14.Rac1 Rfd8 15.Rc3 Be8
16.Nf4 Qb8 17.Rfc1 g6 18.Be2 Nfd7 19.b4 Bf6 20.R3c2 Nf8 21.b5 Nfd7 22.Nb3 Nc5
23.Qb4 Nxb3 24.Qxb3 Nd7 25.Nd3 Nc5 26.Nxc5 dxc5 27.f4 Bd4 28.e5 a5 29.a4 f6
30.Bxd4 cxd4 31.c5 Bf7 32.Bc4 Re8 33.Re1 f5 34.Be2 Red8 35.Qd3 Qc7 36.Rec1 Be8
37.Bf3 Qg7 38.Rc4 g5 39.Rxd4 Qe7 40.Qe3 Rxc5 41.Rdc4 Rxc4 42.Rxc4 g4 43.Be2 Qd7
44.Qc3 b6 45.Rc7 Qd5 46.Qc4 Bf7 47.Qxd5 Rxd5 48.g3 Rd4 49.Rc4 Rd2 50.Kf2 Ra2
51.Rd4 h5 52.Ke1 Kg7 53.Rd6 Rxa4 54.Rxb6 Rb4 55.Ra6 a4 56.b6 a3 57.Rxa3 Rxb6
58.Ra8 h4 59.Kf2 Rb4 60.Rc8 h3 61.Ra8 Rb1 62.Bf1 Bg6 63.Rc8 Kf7 64.Rc5 Ke7
65.Rb5 Rc1 66.Rb7+ Kd8 67.Rb8+ Kd7 68.Rb7+ Kc6 69.Rb8 Rc2+ 70.Ke1 Kd7 71.Rb7+ Kd8
72.Rb8+ Ke7 73.Rb7+ Kf8 74.Rb8+ Kg7 75.Rb7+ Bf7 76.Rb8 Rc7 77.Kf2 Bg6 78.Ba6 Rc2+
79.Kg1 Rg2+ 80.Kh1 Ra2 81.Bf1 Ra7 82.Kg1 Kf7 83.Rb6 Ra1 84.Kf2 Ra2+ 85.Kg1 Ra8
86.Kf2 Rc8 87.Rb7+ Kf8 88.Rb6 Bf7  1/2-1/2

[Event "Spartak IM 2012"]
[Site "Subotica SRB"]
[Date "2012.04.25"]
[Round "8.1"]
[White "Nadj Hedjesi,B"]
[Black "Vasovski,N"]
[Result "1/2-1/2"]
[WhiteElo "2386"]
[BlackElo "2279"]

1.e4 c5 2.Nc3 e6 3.Nge2 Nc6 4.d4 cxd4 5.Nxd4 Nf6 6.Ndb5 d6 7.Bf4 e5 8.Bg5 a6
9.Bxf6 gxf6 10.Na3 b5 11.Nd5 Be6 12.Bd3 f5 13.Qh5 Bg7 14.O-O f4 15.c3 O-O
16.Nc2 f5 17.Ncb4 Nxb4 18.Nxb4 a5 19.exf5 Bf7 20.Qh3 Qf6 21.Nc6 Bc4 22.a4 e4
23.Bxc4+ bxc4 24.Rfd1 d5 25.Nd4 Qe5 26.Qg4 Rf7 27.Rd2 Kh8 28.Rad1 Rg8 29.Ne2 Bf6
30.Qxf4 Qxf4 31.Nxf4 Bg5 32.Rxd5 Bxf4 33.Rxa5 e3 34.fxe3 Bxe3+ 35.Kf1 Rb8
36.Ke2 Bg5 37.Rd4 Rxb2+ 38.Kf3 Re7 39.h4 Re3+ 40.Kg4 Rxg2+ 41.Kh5 Be7 42.Rxc4 Kg7
43.Rf4 Kf7 44.c4 Rge2 45.Kh6 Re4 46.Rxe4 Rxe4 47.h5 Rxc4 48.Kxh7 Rh4 49.h6 Bf8
50.Ra6 Rh5 51.Ra7+ Be7 52.Ra5 Bg5 53.Ra6 Bf4 54.Ra7+ Kf6 55.Ra6+ Kxf5 56.Ra5+ Be5
57.Rxe5+ Kxe5 58.Kg6 Rh1  1/2-1/2

[Event "Historical Melaka Op"]
[Site "Melaka MAS"]
[Date "2012.04.26"]
[Round "5"]
[White "Czebe,A"]
[Black "Fominyh,A"]
[Result "1-0"]
[WhiteElo "2477"]
[BlackElo "2488"]

1.e4 c5 2.Nf3 e6 3.d4 cxd4 4.Nxd4 Nc6 5.Nc3 Qc7 6.Be3 a6 7.f4 b5 8.Nxc6 Qxc6
9.Be2 Bb7 10.Bf3 Qc7 11.Qd4 Rc8 12.a3 Ne7 13.O-O-O Nc6 14.Qb6 Na5 15.Qxc7 Rxc7
16.Bb6 Rxc3 17.Bxa5 Rc4 18.Rhe1 Be7 19.Kb1 g5 20.fxg5 Bxg5 21.Rd6 Bd8 22.Bxd8 Kxd8
23.Red1 Bc8 24.e5 Kc7 25.R6d4 Rc5 26.Re1 f6 27.exf6 Rf5 28.c4 Rxf6 29.Rc1 b4
30.axb4 d6 31.Rg4 Rf7 32.Rg5 h6 33.Ra5 Rf4 34.b5 axb5 35.cxb5+ Kb6 36.Ra8 Rff8
37.Rc6+  1-0

[Event "Russian Juniors 2012"]
[Site "Sochi RUS"]
[Date "2012.04.26"]
[Round "9"]
[White "Nozdrachev,V"]
[Black "Stukopin,A"]
[Result "1-0"]
[WhiteElo "2449"]
[BlackElo "2485"]

1.e4 c5 2.Nf3 e6 3.d4 cxd4 4.Nxd4 Nc6 5.Nc3 Qc7 6.g3 d6 7.Bg2 Bd7 8.Ndb5 Qb8
9.Bf4 e5 10.Nd5 exf4 11.Ndc7+ Kd8 12.Nxa8 fxg3 13.hxg3 Qxa8 14.Nxd6 Bxd6
15.Qxd6 Nf6 16.e5 Nxe5 17.O-O-O Nc6 18.Rh6 Qc8 19.Rxf6 gxf6 20.Bh3 Nb8 21.Qxf6+ Kc7
22.Qe5+ Kb6 23.Bxd7 Nxd7 24.Qd6+ Kb5 25.Qxd7+ Qxd7 26.Rxd7 Kc6 27.Rxf7 h5
28.Rf4 Rd8 29.c3 Rd5 30.Kc2 a6 31.Rf6+ Kc7 32.Rh6 Re5 33.Kd3 Rd5+ 34.Ke3 Re5+
35.Kd3 Rd5+ 36.Ke4 Rd2 37.f4 Rxb2 38.Rxh5 Re2+ 39.Kf5 Rxa2 40.g4 a5 41.g5 Rg2
42.g6 a4 43.Kf6 Kb6 44.g7 a3 45.Rh8  1-0

[Event "TCh-ITA 2012"]
[Site "Arvier ITA"]
[Date "2012.04.27"]
[Round "1"]
[White "De Filomeno,S"]
[Black "Bruno,Fabi"]
[Result "1-0"]
[WhiteElo "2280"]
[BlackElo "2435"]

1.e4 c5 2.Nf3 e6 3.d4 cxd4 4.Nxd4 Nc6 5.Nc3 a6 6.Be3 Qc7 7.Qd2 Nf6 8.O-O-O Be7
9.f3 h5 10.Bd3 d6 11.g3 b5 12.h3 Nxd4 13.Bxd4 e5 14.Be3 Be6 15.g4 b4 16.Na4 d5
17.g5 d4 18.gxf6 dxe3 19.Qxe3 Bxf6 20.Nb6 Rd8 21.Nd5 Bxd5 22.exd5 Rxd5 23.Qe4 Rd4
24.Bb5+ axb5 25.Rxd4 O-O 26.Rxb4 Rd8 27.Rxb5 Qd7 28.Qe2 Qd4 29.a3 g6 30.Kb1 Qh4
31.Rb4 Qg3 32.a4 Ra8 33.h4 Kg7 34.Rd1 Bxh4 35.Qe4 Be7 36.Rb7 Re8 37.a5 h4
38.a6 h3 39.a7 h2 40.Rxe7 Rxe7 41.a8=Q Rd7 42.Rc1 Rd4 43.Qe1 Qg5 44.Qe8 f6
45.Qe7+ Kh6 46.Qf8+ Kh7 47.Qf7+ Kh8 48.Qf1 f5 49.Qe8+ Kh7  1-0

[Event "RBTT Heroes Day Cup 2012"]
[Site "Bridgetown BAR"]
[Date "2012.04.27"]
[Round "1"]
[White "Joseph,M"]
[Black "Zapata,Alo"]
[Result "0-1"]
[WhiteElo "2198"]
[BlackElo "2485"]

1.e4 c5 2.Nf3 e6 3.d4 cxd4 4.Nxd4 Nc6 5.Nc3 Qc7 6.g3 a6 7.Bg2 Nf6 8.O-O d6
9.Nxc6 bxc6 10.b3 Be7 11.Ba3 O-O 12.Qe2 e5 13.Rfd1 Rd8 14.Na4 Bg4 15.f3 Be6
16.c4 Nd7 17.Kh1 c5 18.Nc3 Nb8 19.f4 f6 20.Nd5 Qb7 21.Bb2 Nc6 22.Rd2 a5 23.Rad1 a4
24.Bc3 axb3 25.Rb1 Ra3 26.Rdb2 Qa7 27.axb3 Rb8 28.Qd2 Kf8 29.b4 cxb4 30.Nxb4 Ra1
31.Qd1 Rxb1 32.Qxb1 Nxb4 33.Rxb4 Rxb4 34.Qxb4 d5 35.Qb5 d4 36.Bb2 Qa2 37.Bf1 Qb1
38.Kg2 Qxe4+ 39.Kg1 Qe3+ 40.Kg2 Qd2+ 41.Kg1 exf4 42.Qh5 Bf7  0-1

[Event "3rd LUC Open"]
[Site "Lille FRA"]
[Date "2012.04.27"]
[Round "7.4"]
[White "Lagarde,Max"]
[Black "Vorobiov,E"]
[Result "0-1"]
[WhiteElo "2488"]
[BlackElo "2580"]

1.e4 c5 2.Nf3 Nc6 3.d4 cxd4 4.Nxd4 e6 5.Nc3 Qc7 6.g3 a6 7.Bg2 d6 8.O-O Bd7
9.Re1 Be7 10.Nxc6 Bxc6 11.Qg4 h5 12.Qe2 h4 13.Bf4 hxg3 14.hxg3 Nf6 15.a4 O-O
16.Rad1 Rfe8 17.Rd2 Nd7 18.Nb5 axb5 19.axb5 e5 20.bxc6 bxc6 21.Be3 Nf8 22.Qh5 Ne6
23.f4 exf4 24.gxf4 d5 25.e5 g6 26.Qf3 Bc5 27.Bxc5 Nxc5 28.Bh3 Ne4 29.Rg2 Kg7
30.Bf5 Qb6+ 31.Kf1 Rh8 32.Bxe4 Rh1+ 33.Ke2 Rxe1+ 34.Kxe1 Ra1+ 35.Ke2 Qb4
36.Bxd5 cxd5 37.Qxd5 Qxf4 38.Rf2 Qg4+ 39.Qf3 Qc4+ 40.Qd3 Qg4+ 41.Qf3 Qc4+
42.Qd3 Qc5 43.Qc3 Qxc3 44.bxc3 Ra5 45.Kd3 Rxe5 46.Kd4 Re8 47.c4 f5 48.c5 Kf6
49.c6 g5 50.Kc5 g4 51.c7 g3 52.Rg2 f4 53.Kd6 Kf5 54.Kd7 Rg8 55.c4 Ke4 56.c5 Rg7+
57.Kd6 Rxc7 58.Kxc7 f3 59.Rxg3 f2 60.Rg7 f1=Q 61.Rd7 Qa6 62.c6 Qa7+ 63.Kd6 Qa3+
64.Kc7 Ke5 65.Kc8 Ke6 66.Kb7 Qa5 67.Kc8 Qb6 68.Rc7 Qb5 69.Rb7 Qxc6+ 70.Kb8 Qd6+
71.Ka7  0-1

[Event "Nakhchivan Open 2012"]
[Site "Nakhchivan AZE"]
[Date "2012.04.28"]
[Round "1.11"]
[White "Shanava,K"]
[Black "Abdulla,K"]
[Result "1-0"]
[WhiteElo "2586"]
[BlackElo "2246"]

1.e4 c5 2.Nf3 e6 3.d4 cxd4 4.Nxd4 Nc6 5.Nc3 Qc7 6.Be3 a6 7.Bd3 Nf6 8.Nb3 b5
9.f4 d6 10.O-O Be7 11.Qf3 Bb7 12.Qh3 O-O 13.Rae1 Rad8 14.Kh1 Bc8 15.e5 dxe5
16.fxe5 Nxe5 17.Bf4 Bd6 18.Bg5 Nxd3 19.cxd3 Be7 20.Bxf6 gxf6 21.Qh6 Kh8 22.Ne4 Rg8
23.Nxf6 Bxf6 24.Qxf6+ Rg7 25.Rc1 Qd6 26.Rf3 Rg8 27.Nc5 Qd8 28.Qc3 b4 29.Qe5 Qg5
30.Qxg5 Rxg5 31.Rxf7 Rxg2 32.Ne4 R2g7 33.Rxg7 Kxg7 34.Nd6 Bd7 35.Rc7  1-0

[Event "Magistral Osasco 50 Anos"]
[Site "Osasco BRA"]
[Date "2012.04.28"]
[Round "6.1"]
[White "Cubas,Jo"]
[Black "Barbosa,Ev"]
[Result "0-1"]
[WhiteElo "2518"]
[BlackElo "2399"]

1.e4 c5 2.Nf3 e6 3.d4 cxd4 4.Nxd4 Nc6 5.Nc3 Qc7 6.Be3 a6 7.Bd3 Nf6 8.O-O Nxd4
9.Bxd4 Bc5 10.Bxc5 Qxc5 11.Kh1 d6 12.f4 e5 13.Qe1 Be6 14.f5 Bd7 15.Rf3 Bc6
16.a3 b5 17.b4 Qb6 18.Rd1 Rc8 19.Rg3 Rg8 20.Nb1 Ke7 21.Nd2 g6 22.fxg6 hxg6
23.Rf3 g5 24.Nf1 g4 25.Rf5 Rh8 26.Ne3 Rcg8 27.Rxf6 Kxf6 28.Qf2+ Ke6 29.Rf1 Kd7
30.Qxf7+ Kc8 31.Nf5 g3 32.Ne7+ Kb8 33.Qxg8+ Rxg8 34.Nxg8 Qd8 35.Nf6 Qh8 36.h3 Qh6
37.Ng8 Qe3 38.Nf6 Qd4 39.h4 Qe3 40.Ng4 Qd2 41.Nf6 Qh6 42.h5 Qg5  0-1

[Event "TCh-AUT 2 Ost 2011-12"]
[Site "Bruck AUT"]
[Date "2012.04.29"]
[Round "11"]
[White "Steiner,Ad"]
[Black "Cvek,R"]
[Result "1/2-1/2"]
[WhiteElo "2262"]
[BlackElo "2518"]

1.e4 c5 2.Nf3 e6 3.Nc3 Nc6 4.d4 cxd4 5.Nxd4 a6 6.Be2 d6 7.O-O Nf6 8.Be3 Be7
9.f4 O-O 10.Kh1 Bd7 11.Qe1 b5 12.a3 Nxd4 13.Bxd4 Bc6 14.Qg3 g6 15.Bf3 Rc8
16.Rad1 Qc7 17.f5 e5 18.Be3 Qb7 19.Bg5 Kg7 20.Qh4 Ng8 21.Bxe7 Qxe7 22.Qxe7 Nxe7
23.f6+ Kxf6 24.Bg4+ Kg7 25.Bxc8 Nxc8 26.Rf2 Rd8 27.g4 h6 28.h4 Nb6 29.b3 Kf8
30.h5 gxh5 31.gxh5 Ke7 32.Rdf1 Rf8 33.Rf6 a5 34.Rxh6 b4 35.axb4 axb4 36.Nd5+ Nxd5
37.exd5 Bxd5+ 38.Kh2 Be4 39.Ra1 f6 40.Ra7+ Ke6 41.Rc7 d5 42.Kh3 d4 43.Kh4 Rg8
44.Rc4 Rg1 45.Rxb4 Rh1+ 46.Kg3 Bxc2 47.Rb6+ Kd5 48.Rbxf6 Bxb3 49.Kg2 Rc1
50.Rd6+ Ke4 51.Rhf6 Rc2+ 52.Kg3 Rc3+ 53.Kg2 Rc2+ 54.Kg3 Rc3+ 55.Kg2 Rc2+  1/2-1/2

[Event "NK Jeugd A 2012"]
[Site "Haarlem NED"]
[Date "2012.04.29"]
[Round "2.6"]
[White "Bijlsma,N"]
[Black "Haast,A"]
[Result "0-1"]
[WhiteElo "2144"]
[BlackElo "2282"]

1.e4 c5 2.Nf3 e6 3.d4 cxd4 4.Nxd4 Nc6 5.Nc3 Qc7 6.g3 a6 7.Bg2 h5 8.O-O h4
9.Nxc6 dxc6 10.Be3 hxg3 11.hxg3 b5 12.f4 Bb7 13.a4 b4 14.Nb1 c5 15.c3 Nf6
16.Nd2 Rd8 17.Qe2 Be7 18.Rfe1 Qb8 19.Rad1 Qa8 20.Bf2 Bc6 21.a5 Kf8 22.cxb4 cxb4
23.Bb6 Rd7 24.Nc4 Rxd1 25.Qxd1 Nxe4 26.Ne5 Bd5 27.Qc2 Nd6 28.Bxd5 Qxd5 29.Qg2 Qxg2+
30.Kxg2 g5 31.fxg5 Kg7 32.g6 Rc8 33.gxf7 Rc2+ 34.Kf3 Nxf7 35.Nxf7 Kxf7 36.Bd4 Bd8
37.Ke4 Bc7 38.g4 Rg2 39.Rf1+ Ke8 40.Bb6 Rxg4+ 41.Kd3 Bd6 42.Rh1 Kd7 43.Rh7+ Kc6
44.Ra7 Kb5 45.Rb7 Ka4 46.Ra7 Kb5 47.Rb7 Kc6 48.Ra7 Kd5 49.Rxa6 Rg3+ 50.Ke2 Rg2+
51.Kd1 Rxb2 52.Kc1 Rh2 53.Be3 Re2 54.Bd2 Bc5 55.Ra8 b3 56.Rb8 Kc4 57.a6 Rg2
58.Bf4 Rg1+ 59.Kd2 Bb4+ 60.Ke3 b2 61.a7 b1=Q 62.Rc8+ Bc5+ 63.Rxc5+ Kxc5 64.a8=Q Qe1+
65.Kd3 Qd1+ 66.Kc3 Qd4+ 67.Kc2 Rg7 68.Qc8+ Kb5 69.Qb8+ Qb6 70.Qf8 Qf2+ 71.Kb1 Rg1+  0-1

[Event "Nakhchivan Open 2012"]
[Site "Nakhchivan AZE"]
[Date "2012.04.29"]
[Round "2.4"]
[White "Safarli,E"]
[Black "Rasulov,Vu"]
[Result "0-1"]
[WhiteElo "2645"]
[BlackElo "2526"]

1.e4 c5 2.Nf3 e6 3.d4 cxd4 4.Nxd4 Nc6 5.Nc3 a6 6.Nxc6 bxc6 7.Bd3 d5 8.O-O Nf6
9.Re1 Be7 10.e5 Nd7 11.Qg4 g6 12.Na4 Rb8 13.b3 Nb6 14.Nxb6 Qxb6 15.c4 h5
16.Qg3 h4 17.Qg4 h3 18.g3 dxc4 19.bxc4 Qc7 20.Bg5 c5 21.Bf6 Bxf6 22.exf6 Rb6
23.Rad1 Kf8 24.Bc2 e5 25.Qf3 Kg8 26.Be4 Bf5 27.g4 Bc8 28.g5 Rh4 29.Qe3 Rb2
30.Bd5 Bf5 31.Qxe5 Rg4+ 32.Kf1 Qxe5 33.Rxe5 Rxg5 34.Re7 Kh7 35.Rxf7+ Kh6
36.Rf8 Bd3+ 37.Rxd3 Rg1+  0-1

[Event "TCh-ITA 2012"]
[Site "Arvier ITA"]
[Date "2012.04.30"]
[Round "5"]
[White "Olszewski,Mi"]
[Black "Horvath,Cs1"]
[Result "1/2-1/2"]
[WhiteElo "2539"]
[BlackElo "2509"]

1.e4 c5 2.Nf3 e6 3.d4 cxd4 4.Nxd4 Nc6 5.Nc3 Qc7 6.g3 a6 7.Bg2 d6 8.O-O Bd7
9.a4 Nf6 10.Nce2 Rc8 11.Bg5 Be7 12.b3 O-O 13.c4 Rfd8 14.Rc1 h6 15.Bd2 Nxd4
16.Nxd4 Qc5 17.Be3 Qh5 18.Qxh5 Nxh5 19.Rfd1 Nf6  1/2-1/2

[Event "ch-SRB 2012"]
[Site "Vrnjacka Banja SRB"]
[Date "2012.05.01"]
[Round "9"]
[White "Perunovic,Mil"]
[Black "Ivanisevic,I"]
[Result "1/2-1/2"]
[WhiteElo "2582"]
[BlackElo "2645"]

1.e4 c5 2.Nf3 e6 3.d4 cxd4 4.Nxd4 Nc6 5.Nc3 Qc7 6.g3 a6 7.Bg2 Nf6 8.O-O Nxd4
9.Qxd4 Bc5 10.Bf4 d6 11.Qd2 h6 12.Rad1 e5 13.Be3 Bg4 14.Bxc5 dxc5 15.Qd6  1/2-1/2

[Event "Copenhagen Chess Challenge 2012"]
[Site "Ballerup DEN"]
[Date "2012.05.04"]
[Round "5"]
[White "Poulsen,I"]
[Black "Pallesen,Ja"]
[Result "1/2-1/2"]
[WhiteElo "2084"]
[BlackElo "1985"]

1.e4 c5 2.Nc3 e6 3.Nf3 Nc6 4.d4 cxd4 5.Nxd4 a6 6.Be3 Qc7 7.Be2 Nf6 8.a3 Be7
9.f4 d6 10.g4 b5 11.g5 Nd7 12.O-O Bb7 13.f5 Nxd4 14.Qxd4 Qc5 15.fxe6 fxe6
16.Bh5+ Kd8 17.Qxc5 dxc5 18.Rad1 Rf8 19.Bf7 Kc7 20.Bxe6 Rxf1+ 21.Rxf1 Rf8
22.Bf4+ Bd6 23.Bxd6+ Kxd6 24.Bxd7 Rxf1+ 25.Kxf1 Kxd7 26.Kf2 Kd6 27.Ke3 Ke5
28.b4 c4 29.a4 bxa4 30.Nxa4 Bxe4 31.c3 Bc6 32.Nc5 Bb5 33.Ne4 Bc6 34.Nc5 Bb5
35.Ne4 Bc6 36.Nc5  1/2-1/2

[Event "NK Jeugd A 2012"]
[Site "Haarlem NED"]
[Date "2012.05.05"]
[Round "8.8"]
[White "Lentjes,N"]
[Black "De Jongh,Adriaan"]
[Result "1-0"]
[WhiteElo "1946"]
[BlackElo "2197"]

1.e4 c5 2.Nf3 e6 3.d4 cxd4 4.Nxd4 Nc6 5.Nc3 Qc7 6.f4 a6 7.Nxc6 Qxc6 8.Bd3 b5
9.Qe2 Bb7 10.Bd2 Rc8 11.O-O-O Nf6 12.a3 b4 13.axb4 Bxb4 14.Rhe1 h5 15.f5 Ng4
16.Nd5 Bxd2+ 17.Rxd2 Qa4 18.Kb1 exd5 19.e5 d4 20.Be4 Bxe4 21.Qxe4 O-O 22.h3 Rb8
23.b3 Nh6 24.g4 Qc6 25.Qxd4 hxg4 26.hxg4 Qf3 27.f6 Rfe8 28.Rd3 Qg2 29.Qf4 Qxg4
30.Qh2 Rb4 31.Rg1 Qf4 32.Rxg7+ Kf8 33.Qg1  1-0

[Event "47th Capablanca Memorial Premier"]
[Site "Havana CUB"]
[Date "2012.05.05"]
[Round "2.4"]
[White "Gonzalez Vidal,Y"]
[Black "Papin,V"]
[Result "1/2-1/2"]
[WhiteElo "2545"]
[BlackElo "2570"]

1.e4 c5 2.Nf3 e6 3.d4 cxd4 4.Nxd4 Nc6 5.Nc3 a6 6.Nxc6 bxc6 7.Bd3 Qc7 8.O-O Nf6
9.f4 d5 10.e5 Nd7 11.Na4 Nc5 12.Nxc5 Bxc5+ 13.Kh1 g6 14.c4 O-O 15.Qe1 a5
16.Bd2 Qb6 17.Rb1 Bb4 18.Be3 d4 19.Bd2 c5 20.Be4 Bb7 21.Bxb7 Qxb7 22.Rf3 Bxd2
23.Qxd2 a4 24.Qd3 Ra6 25.Rf2 Rb6 26.Kg1 Rb4 27.g3 Rb8 28.Rc2 Qd7 29.Rd2 R8b6
30.Rc2 Kg7 31.Rd2 Qb7 32.Qe2 d3 33.Qxd3 Rxb2 34.Rbxb2 Rxb2 35.Rxb2 Qxb2 36.Qd8 Qb1+
37.Kg2 Qe4+ 38.Kf2 h5 39.Qf6+ Kg8 40.Qd8+ Kh7 41.Qf8 Qc2+ 42.Kf3 Qd3+ 43.Kf2 Qd2+
44.Kf3 Qd3+ 45.Kf2 Qd2+  1/2-1/2

[Event "ch-LAT 2012"]
[Site "Riga LAT"]
[Date "2012.05.05"]
[Round "9"]
[White "Skuja,A"]
[Black "Berzinsh,I"]
[Result "1/2-1/2"]
[WhiteElo "2194"]
[BlackElo "2219"]

1.e4 c5 2.Nf3 e6 3.Nc3 Nc6 4.d4 cxd4 5.Nxd4 Nf6 6.Ndb5 Bb4 7.a3 Bxc3+ 8.Nxc3 d5
9.exd5 exd5 10.Bd3 d4 11.Ne2  1/2-1/2

[Event "Copenhagen Chess Challenge 2012"]
[Site "Ballerup DEN"]
[Date "2012.05.06"]
[Round "9"]
[White "Hansen,Ras"]
[Black "Andersen,Ki"]
[Result "1-0"]
[WhiteElo "1923"]
[BlackElo "2009"]

1.d4 e6 2.Nf3 c5 3.e4 cxd4 4.Nxd4 Nc6 5.Nc3 e5 6.Ndb5 d6 7.Nd5 Be6 8.Nbc7+ Kd7
9.Nxa8 Qxa8 10.Bb5 f5 11.exf5 Bxf5 12.Qf3 Be6 13.Be3 Ne7 14.c4 Nf5 15.Rd1 Nxe3
16.Qxe3 b6 17.Nb4  1-0

[Event "NK Jeugd A 2012"]
[Site "Haarlem NED"]
[Date "2012.05.06"]
[Round "9.10"]
[White "Manoch,Maurice"]
[Black "De Jongh,Adriaan"]
[Result "0-1"]
[WhiteElo "1969"]
[BlackElo "2197"]

1.e4 c5 2.Nf3 e6 3.d4 cxd4 4.Nxd4 Nc6 5.Nc3 Qc7 6.Ndb5 Qb8 7.Be3 a6 8.Bb6 axb5
9.Nxb5 Bb4+ 10.c3 Ba5 11.Nc7+ Qxc7 12.Bxc7 Bxc7 13.Qg4 Be5 14.f4 Nf6 15.Qf3 Bc7
16.Bd3 O-O 17.g4 d5 18.e5 Nd7 19.g5 Nc5 20.Bc2 Ne7 21.Rg1 Bd7 22.Rg3 g6 23.Rh3 Ne4
24.Rd1 Bc6 25.Qg4 Nf5 26.a3 Bb6 27.Rd2 Rfe8 28.Re2 Bb5 29.Rxe4 dxe4 30.Bxe4 Ra4
31.Bxf5 exf5 32.Qh4 Re4+ 33.Kd1 Be2+ 34.Kc2 Bh5 35.Rd3 Be3 36.Qg3 Bxf4 37.Qg1 Be2
38.Rd7 R4xe5 39.Qb6 Bc4  0-1

[Event "69th ch-GEO w"]
[Site "Anaklia GEO"]
[Date "2012.05.07"]
[Round "9.4"]
[White "Khukhashvili,S"]
[Black "Gvetadze,Sopi"]
[Result "0-1"]
[WhiteElo "2408"]
[BlackElo "2334"]

1.e4 c5 2.Nf3 e6 3.d4 cxd4 4.Nxd4 Nc6 5.Nc3 d6 6.g4 a6 7.Bg2 Nge7 8.a4 Ng6
9.g5 Nh4 10.Rg1 Nxg2+ 11.Rxg2 Be7 12.Be3 Bd7 13.f4 Na5 14.Qd3 Rc8 15.Nf3 Nc4
16.Bc1 Qa5 17.Nd2 b5 18.Nd1 Qb6 19.b3 Nxd2 20.Bxd2 bxa4 21.bxa4 O-O 22.Bc3 Rfe8
23.Ne3 d5 24.Bd2 Qb2 25.Rc1 Bxa4 26.c4 dxe4 27.Qc3 Qxc3 28.Bxc3 Bb3 29.h4 Bxc4
30.h5 Bb3 31.Bb2 Bb4+ 32.Ke2 Rxc1 33.Bxc1 Rd8 34.f5 exf5 35.Nxf5 Bd1+ 36.Ke3 Bxh5
37.Bb2 Bg6 38.Kxe4 Rd2  0-1

[Event "Asian Continental w 2012"]
[Site "Ho Chi Minh City VIE"]
[Date "2012.05.07"]
[Round "3.17"]
[White "Kiran,M"]
[Black "Dewi,A"]
[Result "1-0"]
[WhiteElo "2208"]
[BlackElo "2112"]

1.e4 c5 2.Nc3 e6 3.Nge2 Nc6 4.d4 cxd4 5.Nxd4 d6 6.Bc4 Nf6 7.Be3 a6 8.Qe2 Qc7
9.O-O-O Ne5 10.Bb3 b5 11.f4 Ned7 12.Bxe6 fxe6 13.Nxe6 Qa5 14.e5 b4 15.exf6 bxc3
16.Nxg7+ Kd8 17.Ne6+ Ke8 18.Bb6 Qxb6 19.Qh5+  1-0

[Event "47th Capablanca Mem Elite"]
[Site "Havana CUB"]
[Date "2012.05.08"]
[Round "5"]
[White "Quesada Perez,Yu"]
[Black "Potkin,V"]
[Result "0-1"]
[WhiteElo "2625"]
[BlackElo "2642"]

1.e4 c5 2.Nf3 e6 3.d4 cxd4 4.Nxd4 Nc6 5.Nc3 a6 6.Nxc6 bxc6 7.Bd3 d5 8.O-O Nf6
9.Qf3 Be7 10.e5 Nd7 11.Qg3 Kf8 12.Re1 h5 13.h3 h4 14.Qg4 a5 15.Na4 Ba6 16.Bxa6 Rxa6
17.c4 g6 18.Qe2 Ra8 19.cxd5 cxd5 20.Be3 Qb8 21.f4 Kg7 22.Rac1 Qb4 23.b3 Rhc8
24.Qf2 Qb7 25.Bd4 Ra6 26.Rxc8 Qxc8 27.Re3 Rc6 28.Rc3 Rxc3 29.Nxc3 Nb8 30.Qc2 Na6
31.Qd2 Nb4 32.Ne2 Qa6 33.a4 Nc6 34.Be3 Bd8 35.Nd4 Nxd4 36.Qxd4 Qb7 37.Qc3 Bb6
38.Kf2 Bxe3+ 39.Kxe3 Qb6+ 40.Kd3 Qa6+ 41.Kd2 Qf1 42.Qf3 Qb1 43.Qf2 g5 44.fxg5 Qb2+
45.Ke1 Qxe5+ 46.Qe2 Qg3+ 47.Qf2 Qxf2+ 48.Kxf2 e5 49.Ke3 e4 50.Kd4 Kh7 51.b4 axb4
52.a5 b3  0-1

[Event "Asian Continental 2012"]
[Site "Ho Chi Minh City VIE"]
[Date "2012.05.10"]
[Round "6.17"]
[White "Goh Weiming"]
[Black "Venkatesh,M"]
[Result "0-1"]
[WhiteElo "2426"]
[BlackElo "2517"]

1.e4 c5 2.Nf3 e6 3.d4 cxd4 4.Nxd4 Nc6 5.Nc3 Qc7 6.Be3 a6 7.Bd3 Nf6 8.O-O Nxd4
9.Bxd4 Bc5 10.Be2 d6 11.Qd3 b5 12.Rfd1 Bb7 13.b4 Bxd4 14.Qxd4 Rc8 15.Bxb5+ Ke7
16.Ba4 Rhd8 17.Rd3 Qc4 18.Qe3 Nxe4 19.Bb3 Qxb4 20.a3 Qxc3 21.Rxc3 Rxc3 22.Qb6 Rd7
23.f3 Nf6 24.Rd1 Bd5 25.Qxa6 Bxb3 26.cxb3 Rxb3 27.a4 Nd5 28.Ra1 Rb2 29.Qc8 Rc7
30.Qg8 Nf4 31.g3 Nh3+ 32.Kf1 Rcc2 33.Qa8 Rf2+ 34.Ke1 Rbe2+ 35.Kd1 g6 36.Rb1 Ng1
37.Rb7+ Kf6 38.Qh8+ Kg5 39.Qd8+ Kh6 40.Qf8+ Kh5 41.g4+ Kg5 42.Qd8+ f6 43.h4+ Kxh4  0-1

[Event "Asian Continental w 2012"]
[Site "Ho Chi Minh City VIE"]
[Date "2012.05.10"]
[Round "6.1"]
[White "Munguntuul,B"]
[Black "Sukandar,I"]
[Result "0-1"]
[WhiteElo "2451"]
[BlackElo "2288"]

1.e4 c5 2.Nf3 e6 3.d4 cxd4 4.Nxd4 Nc6 5.Nc3 d6 6.Be3 Nf6 7.f4 Bd7 8.Qf3 Nxd4
9.Bxd4 Qa5 10.e5 Nd5 11.f5 O-O-O 12.fxe6 Bxe6 13.O-O-O dxe5 14.Bxe5 Bb4 15.Bc4 Nxc3
16.Bxc3 Bxc4 17.Qg4+ Kb8 18.Qxc4 Bxc3 19.bxc3 Rc8 20.Qb4 Qg5+ 21.Kb2 Rc6
22.Qe4 Qa5 23.Rd3 Ra6 24.Qd5 Qa3+ 25.Ka1 Rb6 26.Rb1 Rxb1+ 27.Kxb1 Re8 28.Qd6+ Qxd6
29.Rxd6 Kc7 30.Rd2 f5 31.Kb2 Kc6 32.h4 Re4 33.g3 Rg4 34.Rd3 g6 35.Kb3 h5
36.Re3 Kd6 37.c4 f4 38.gxf4 Rxh4 39.c5+ Kxc5 40.f5 gxf5 41.Re5+ Kd4 42.Rxf5 Rh1
43.c3+ Ke4 44.Rf7 Kd5 45.Kc2 Kc6 46.Rf6+ Kc5 47.Rf7 Kb6 48.Rh7 h4 49.Kb3 h3
50.Rh5 Kc6 51.a4 Kd6 52.Kc4 h2 53.Rh6+ Kc7 54.Kc5 b6+ 55.Kc4 a6 56.Rh7+ Kd8
57.Rh8+ Ke7 58.Rh7+ Kf8 59.Rh8+ Kg7 60.Rh5 b5+ 61.axb5 axb5+ 62.Kc5 b4 63.cxb4 Rc1+
64.Kd6 h1=Q 65.Rxh1 Rxh1 66.b5 Rb1 67.Kc6 Kf7 68.b6 Ke7 69.Kc7 Rc1+ 70.Kb8 Kd7
71.b7 Rb1  0-1